000 00219nam a2200097Ia 4500
008 240331s9999 xx 000 0 und d
082 _bDOM
100 _aNelson, E. ed
245 0 _aDomestic volence in cambodia
942 _cL
999 _c2886
_d2886